[Event "XVII. DBMM Schach"]
[Site "Berlin"]
[Date "2017.11.05"]
[Round "7.1"]
[White "Piotrowski, Roger"]
[Black "Decker, Ingo"]
[Result "0-1"]
[WhiteElo "1756"]
[BlackElo "1647"]
[Annotator "br"]
[PlyCount "74"]
[EventDate "2017.??.??"]
[EventType "team-swiss"]
[EventRounds "7"]
[EventCountry "GER"]
[SourceTitle "XVII. DBMM 2017"]
[Source "FV Schach e.V."]
[SourceDate "2018.05.26"]
[SourceVersion "1"]
[SourceVersionDate "2018.05.26"]
[SourceQuality "1"]
[WhiteTeam "Telestern Berlin"]
[BlackTeam "SG Airbus Bremen"]
[WhiteTeamCountry "GER"]
[BlackTeamCountry "GER"]

1. d4 d5 2. Nf3 Bf5 3. Bf4 Nc6 4. e3 a6 5. Nbd2 Nb4 6. Bd3 Bxd3 7. cxd3 Nxd3+
8. Ke2 Nxf4+ 9. exf4 e6 10. Qb3 Rb8 11. Ne5 Bd6 12. Qa4+ c6 13. Rhc1 Ne7 14. g4
Bxe5 15. fxe5 O-O 16. Qc2 Ng6 17. Nf3 f6 18. h4 fxe5 19. dxe5 Nf4+ 20. Kf1 Qb6
21. Rd1 Qb5+ 22. Kg1 Qe2 23. Qxe2 Nxe2+ 24. Kf1 Rxf3 25. Kxe2 Rbf8 26. Rf1 R8f4
27. Rae1 Kf7 28. h5 Ke7 29. Rd1 Kd7 30. Rd3 Rxd3 31. Kxd3 Rxg4 32. Rh1 c5 33.
f3 Rg2 34. Ke3 Ke7 35. f4 Kf7 36. Kf3 Rxb2 37. Rg1 Rxa2 0-1

[Event "XVII. DBMM Schach"]
[Site "Berlin"]
[Date "2017.11.05"]
[Round "7.2"]
[White "Jacobsen, Ruediger"]
[Black "Meseck, Klaus"]
[Result "1/2-1/2"]
[WhiteElo "1497"]
[BlackElo "1731"]
[Annotator "br"]
[PlyCount "61"]
[EventDate "2017.??.??"]
[EventType "team-swiss"]
[EventRounds "7"]
[EventCountry "GER"]
[SourceTitle "XVII. DBMM 2017"]
[Source "FV Schach e.V."]
[SourceDate "2018.05.26"]
[SourceVersion "1"]
[SourceVersionDate "2018.05.26"]
[SourceQuality "1"]
[WhiteTeam "SG Airbus Bremen"]
[BlackTeam "Telestern Berlin"]
[WhiteTeamCountry "GER"]
[BlackTeamCountry "GER"]

1. e4 c5 2. Nc3 Nc6 3. Nf3 d6 4. h3 g6 5. Bc4 e6 6. O-O Bg7 7. d3 Nf6 8. Ne2 a6
9. a4 O-O 10. c3 Bd7 11. Qc2 e5 12. Bg5 Qc7 13. Qd2 Be6 14. Bh6 Bxc4 15. Bxg7
Kxg7 16. dxc4 Nxe4 17. Qe3 f5 18. Ng5 Nxg5 19. Qxg5 Qe7 20. f4 Qxg5 21. fxg5
Na5 22. b4 Nxc4 23. Rfd1 Rad8 24. Kf2 cxb4 25. Rab1 Rf7 26. Rxb4 d5 27. Rxc4
Rfd7 28. Rc5 Kf7 29. Rb1 Ke6 30. Rb6+ Ke7 31. a5 1/2-1/2

[Event "XVII. DBMM Schach"]
[Site "Berlin"]
[Date "2017.11.05"]
[Round "7.3"]
[White "Fischer, Elmar"]
[Black "Waltz, Juergen"]
[Result "1/2-1/2"]
[WhiteElo "1658"]
[BlackElo "1400"]
[Annotator "br"]
[PlyCount "83"]
[EventDate "2017.??.??"]
[EventType "team-swiss"]
[EventRounds "7"]
[EventCountry "GER"]
[SourceTitle "XVII. DBMM 2017"]
[Source "FV Schach e.V."]
[SourceDate "2018.05.26"]
[SourceVersion "1"]
[SourceVersionDate "2018.05.26"]
[SourceQuality "1"]
[WhiteTeam "Telestern Berlin"]
[BlackTeam "SG Airbus Bremen"]
[WhiteTeamCountry "GER"]
[BlackTeamCountry "GER"]

1. e4 c5 2. Nf3 Nc6 3. Bc4 e6 4. Nc3 g6 5. O-O Bg7 6. d3 Nge7 7. Ne2 O-O 8. Ng3
d5 9. Bb3 b5 10. c3 c4 11. Bc2 Qc7 12. Re1 Bd7 13. Bg5 f6 14. Bd2 Ne5 15. Nd4
a6 16. Bf4 Rae8 17. b3 f5 18. bxc4 fxe4 19. Be3 bxc4 20. dxe4 N5c6 21. Rb1 Nxd4
22. Bxd4 Bxd4 23. Qxd4 Nc6 24. Qd2 Ne7 25. Qg5 Bc6 26. Nh5 Rb8 27. Rxb8 Qxb8
28. Nf6+ Kg7 29. exd5 Rxf6 30. dxc6 Qb2 31. Qc5 Nxc6 32. Ba4 Qxc3 33. Rd1 Ne5
34. h3 Nd3 35. Qe7+ Kh6 36. f3 Qd4+ 37. Kh2 Qe5+ 38. Kg1 Nb2 39. Rd7 Qe1+ 40.
Kh2 Qe5+ 41. Kg1 Qe1+ 42. Kh2 1/2-1/2

[Event "XVII. DBMM Schach"]
[Site "Berlin"]
[Date "2017.11.05"]
[Round "7.4"]
[White "Schroeder, Wilfried"]
[Black "Norris, Ray"]
[Result "0-1"]
[WhiteElo "1400"]
[BlackElo "1651"]
[Annotator "br"]
[PlyCount "101"]
[EventDate "2017.??.??"]
[EventType "team-swiss"]
[EventRounds "7"]
[EventCountry "GER"]
[SourceTitle "XVII. DBMM 2017"]
[Source "FV Schach e.V."]
[SourceDate "2018.05.26"]
[SourceVersion "1"]
[SourceVersionDate "2018.05.26"]
[SourceQuality "1"]
[WhiteTeam "SG Airbus Bremen"]
[BlackTeam "Telestern Berlin"]
[WhiteTeamCountry "GER"]
[BlackTeamCountry "GER"]

1. Nf3 Nf6 2. d4 b6 3. Nc3 Bb7 4. e3 e6 5. a3 c5 6. h3 Be7 7. g3 cxd4 8. exd4
O-O 9. Bg2 d6 10. O-O Nbd7 11. Bg5 Nd5 12. Bxe7 Qxe7 13. Qd3 N7f6 14. Rfe1 Qd7
15. Nh4 Nxc3 16. bxc3 Bxg2 17. Kxg2 Qc6+ 18. Nf3 Rfc8 19. Ra2 Qxc3 20. Qxc3
Rxc3 21. a4 Rac8 22. Re2 Nd5 23. h4 Nb4 24. Rb2 Nxc2 25. d5 e5 26. a5 Rxf3 27.
Rbxc2 Rfc3 28. axb6 axb6 29. Rb2 Rb8 30. Rb5 f6 31. Reb2 Rc5 32. Rxb6 Rxb6 33.
Rxb6 Rxd5 34. Kf3 Kf7 35. g4 Kg6 36. Ke3 h5 37. f3 hxg4 38. fxg4 Rd4 39. g5
fxg5 40. hxg5 Kxg5 41. Rb1 Kf5 42. Rf1+ Rf4 43. Rd1 Ke6 44. Rg1 Rf7 45. Rg6+
Kd5 46. Rg1 Ke6 47. Rg6+ Rf6 48. Rxg7 d5 49. Ra7 d4+ 50. Kd3 Rf3+ 51. Ke4 0-1

[Event "XVII. DBMM Schach"]
[Site "Berlin"]
[Date "2017.11.05"]
[Round "7.2"]
[White "Christ, Heyko"]
[Black "Obermeier, Karlheinz"]
[Result "1/2-1/2"]
[WhiteElo "1547"]
[BlackElo "1526"]
[Annotator "br"]
[PlyCount "46"]
[EventDate "2017.??.??"]
[EventType "team-swiss"]
[EventRounds "7"]
[EventCountry "GER"]
[SourceTitle "XVII. DBMM 2017"]
[Source "FV Schach e.V."]
[SourceDate "2018.05.26"]
[SourceVersion "1"]
[SourceVersionDate "2018.05.26"]
[SourceQuality "1"]
[WhiteTeam "SV Rapid Unilever Hamburg"]
[BlackTeam "ADAC Muenchen II"]
[WhiteTeamCountry "GER"]
[BlackTeamCountry "GER"]

1. d4 d5 2. c4 e6 3. cxd5 exd5 4. Nc3 Nf6 5. Bg5 Be7 6. e3 O-O 7. Bd3 h6 8. Bh4
c6 9. Nge2 Nbd7 10. O-O Ne8 11. Bxe7 Qxe7 12. Qd2 Ndf6 13. f3 Nd6 14. e4 dxe4
15. fxe4 Nfxe4 16. Nxe4 Nxe4 17. Qe3 Re8 18. Qf4 Nd6 19. Rf3 Rf8 20. Raf1 Be6
21. Ng3 Rad8 22. Qd2 Bd5 23. Re1 Be6 1/2-1/2

[Event "XVII. DBMM Schach"]
[Site "Berlin"]
[Date "2017.11.05"]
[Round "7.3"]
[White "Laijh, Anton"]
[Black "Amini, Mahmood"]
[Result "1-0"]
[WhiteElo "1541"]
[BlackElo "1699"]
[Annotator "br"]
[PlyCount "75"]
[EventDate "2017.??.??"]
[EventType "team-swiss"]
[EventRounds "7"]
[EventCountry "GER"]
[SourceTitle "XVII. DBMM 2017"]
[Source "FV Schach e.V."]
[SourceDate "2018.05.26"]
[SourceVersion "1"]
[SourceVersionDate "2018.05.26"]
[SourceQuality "1"]
[WhiteTeam "ADAC Muenchen II"]
[BlackTeam "SV Rapid Unilever Hamburg"]
[WhiteTeamCountry "GER"]
[BlackTeamCountry "GER"]

1. e4 e5 2. Nf3 Nc6 3. Bc4 Be7 4. a3 Nf6 5. d3 d6 6. h3 O-O 7. O-O Bd7 8. Nc3
Re8 9. Ng5 Rf8 10. f4 h6 11. fxe5 Nxe5 12. Nf3 Nxc4 13. dxc4 Be6 14. b3 c6 15.
e5 Qb6+ 16. Kh1 dxe5 17. Nxe5 Rad8 18. Qf3 Qd4 19. Bf4 Qb6 20. a4 a5 21. Rad1
Nh7 22. Be3 Qc7 23. Ng4 Ng5 24. Qe2 f5 25. Bf4 Qb6 26. Bxg5 Bxc4 27. Qxc4+ Kh8
28. Bxe7 Rxd1 29. Nxd1 Re8 30. Qf7 Rxe7 31. Qf8+ Kh7 32. Nf6+ gxf6 33. Qxe7+
Kg6 34. Qe8+ Kg7 35. Ne3 Qa6 36. Nxf5+ Kh7 37. Qf7+ Kh8 38. Qg7# 1-0

[Event "XVII. DBMM Schach"]
[Site "Berlin"]
[Date "2017.11.05"]
[Round "7.4"]
[White "Kazemi Sresht, Rahim"]
[Black "Zunk, Steffi"]
[Result "1-0"]
[WhiteElo "1534"]
[BlackElo "801"]
[Annotator "br"]
[PlyCount "67"]
[EventDate "2017.??.??"]
[EventType "team-swiss"]
[EventRounds "7"]
[EventCountry "GER"]
[SourceTitle "XVII. DBMM 2017"]
[Source "FV Schach e.V."]
[SourceDate "2018.05.26"]
[SourceVersion "1"]
[SourceVersionDate "2018.05.26"]
[SourceQuality "1"]
[WhiteTeam "SV Rapid Unilever Hamburg"]
[BlackTeam "ADAC Muenchen II"]
[WhiteTeamCountry "GER"]
[BlackTeamCountry "GER"]

1. e4 e5 2. Nf3 Nc6 3. d4 exd4 4. Nxd4 Ne5 5. Be2 Nf6 6. Bg5 Be7 7. Nf5 O-O 8.
Nxe7+ Qxe7 9. Nc3 Qe6 10. Bxf6 Qxf6 11. O-O d6 12. Nd5 Qd8 13. f4 Nd7 14. Bg4
Nf6 15. Bxc8 Rxc8 16. Qd4 c5 17. Nxf6+ gxf6 18. Qd5 Kh8 19. Rad1 Rc7 20. Qxd6
Qxd6 21. Rxd6 Kg7 22. Rf3 Re8 23. Rg3+ Kf8 24. Re3 Re6 25. Rd5 b6 26. Kf2 Rce7
27. Kf3 f5 28. e5 Kg7 29. h3 f6 30. g4 Kg6 31. h4 h5 32. g5 Kh7 33. gxf6 Kg6
34. fxe7 1-0

[Event "XVII. DBMM Schach"]
[Site "Berlin"]
[Date "2017.11.05"]
[Round "7.1"]
[White "Huebner, Detlef"]
[Black "Raum, Norbert"]
[Result "1/2-1/2"]
[WhiteElo "1573"]
[BlackElo "1833"]
[Annotator "fb"]
[PlyCount "30"]
[EventDate "2017.??.??"]
[EventType "team-swiss"]
[EventRounds "7"]
[EventCountry "GER"]
[SourceTitle "XVII. DBMM 2017"]
[Source "FV Schach e.V."]
[SourceDate "2018.05.26"]
[SourceVersion "1"]
[SourceVersionDate "2018.05.26"]
[SourceQuality "1"]
[WhiteTeam "AGI Frankfurt II"]
[BlackTeam "Baubehoerde Hamburg II"]
[WhiteTeamCountry "GER"]
[BlackTeamCountry "GER"]

1. c4 b6 2. d4 Nf6 3. Nc3 Bb7 4. f3 e6 5. Nh3 c5 6. e3 d5 7. Nf2 Nc6 8. a3 dxc4
9. dxc5 Qxd1+ 10. Nfxd1 Na5 11. Nb5 Kd7 12. cxb6 axb6 13. Be2 Ba6 14. Ndc3 Be7
15. O-O Rac8 1/2-1/2

[Event "XVII. DBMM Schach"]
[Site "Berlin"]
[Date "2017.11.05"]
[Round "7.3"]
[White "Klowski, Bjoern Sigurd"]
[Black "Hein, Andrea"]
[Result "1/2-1/2"]
[WhiteElo "1681"]
[BlackElo "1418"]
[Annotator "br"]
[PlyCount "76"]
[EventDate "2017.??.??"]
[EventType "team-swiss"]
[EventRounds "7"]
[EventCountry "GER"]
[SourceTitle "XVII. DBMM 2017"]
[Source "FV Schach e.V."]
[SourceDate "2018.05.26"]
[SourceVersion "1"]
[SourceVersionDate "2018.05.26"]
[SourceQuality "1"]
[WhiteTeam "AGI Frankfurt II"]
[BlackTeam "Baubehoerde Hamburg II"]
[WhiteTeamCountry "GER"]
[BlackTeamCountry "GER"]

1. e4 e5 2. Nf3 Nc6 3. Bc4 h6 4. O-O Nf6 5. d3 Be7 6. c3 O-O 7. Re1 d6 8. Bb3
Bg4 9. Nbd2 a6 10. Nf1 Be6 11. Bc2 Nh7 12. d4 exd4 13. cxd4 Bg4 14. Be3 Bf6 15.
Qd2 Bxf3 16. gxf3 Bg5 17. f4 Be7 18. Ng3 Nf6 19. h3 Qd7 20. Kg2 Rad8 21. d5 Nb8
22. f3 c6 23. Qd3 cxd5 24. e5 dxe5 25. fxe5 Qb5 26. Qxb5 axb5 27. exf6 Bxf6 28.
Rab1 Nc6 29. Bd3 b4 30. b3 Bc3 31. Red1 Rfe8 32. Bd2 d4 33. Rbc1 Ne5 34. Bb5
Re7 35. Bxc3 bxc3 36. f4 Ng6 37. Rxc3 Nxf4+ 38. Kf3 Nxh3 1/2-1/2

[Event "XVII. DBMM Schach"]
[Site "Berlin"]
[Date "2017.11.05"]
[Round "7.4"]
[White "Bockelmann, Rolf"]
[Black "Hoffmann, Frank"]
[Result "1/2-1/2"]
[WhiteElo "1662"]
[BlackElo "1492"]
[Annotator "br"]
[PlyCount "39"]
[EventDate "2017.??.??"]
[EventType "team-swiss"]
[EventRounds "7"]
[EventCountry "GER"]
[SourceTitle "XVII. DBMM 2017"]
[Source "FV Schach e.V."]
[SourceDate "2018.05.26"]
[SourceVersion "1"]
[SourceVersionDate "2018.05.26"]
[SourceQuality "1"]
[WhiteTeam "Baubehoerde Hamburg II"]
[BlackTeam "AGI Frankfurt II"]
[WhiteTeamCountry "GER"]
[BlackTeamCountry "GER"]

1. e4 c6 2. c4 d5 3. exd5 cxd5 4. cxd5 Nf6 5. Nc3 Nxd5 6. d4 Nxc3 7. bxc3 a6 8.
Nf3 Bg4 9. Be2 e6 10. h3 Bh5 11. O-O Be7 12. Qb3 b6 13. Be3 Nd7 14. Rfe1 O-O
15. Rad1 Qc7 16. c4 a5 17. Qb5 Nf6 18. Ne5 Bxe2 19. Rxe2 Ne4 20. Rc1 1/2-1/2

[Event "XVII. DBMM Schach"]
[Site "Berlin"]
[Date "2017.11.05"]
[Round "7.1"]
[White "Seifert, Martin"]
[Black "Warnest, Stefan"]
[Result "1/2-1/2"]
[WhiteElo "1995"]
[BlackElo "1531"]
[Annotator "br"]
[PlyCount "36"]
[EventDate "2017.??.??"]
[EventType "team-swiss"]
[EventRounds "7"]
[EventCountry "GER"]
[SourceTitle "XVII. DBMM 2017"]
[Source "FV Schach e.V."]
[SourceDate "2018.05.26"]
[SourceVersion "1"]
[SourceVersionDate "2018.05.26"]
[SourceQuality "1"]
[WhiteTeam "Sparkassen-Vers. Stuttgart II"]
[BlackTeam "BA Tempelhof Berlin IV"]
[WhiteTeamCountry "GER"]
[BlackTeamCountry "GER"]

1. e4 c6 2. d4 d5 3. Nc3 dxe4 4. Nxe4 Bf5 5. Ng3 Bg6 6. Nf3 Nd7 7. h4 h6 8. h5
Bh7 9. Bd3 Bxd3 10. Qxd3 Ngf6 11. Bd2 Qc7 12. O-O-O e6 13. Qe2 O-O-O 14. Ne5
Nxe5 15. dxe5 Nd5 16. Rhe1 Be7 17. Kb1 Kb8 18. Qf3 Rhf8 1/2-1/2

[Event "XVII. DBMM Schach"]
[Site "Berlin"]
[Date "2017.11.05"]
[Round "7.2"]
[White "Frahm, Werner"]
[Black "Lau, Peter"]
[Result "0-1"]
[WhiteElo "1527"]
[BlackElo "1743"]
[Annotator "br"]
[PlyCount "112"]
[EventDate "2017.??.??"]
[EventType "team-swiss"]
[EventRounds "7"]
[EventCountry "GER"]
[SourceTitle "XVII. DBMM 2017"]
[Source "FV Schach e.V."]
[SourceDate "2018.05.26"]
[SourceVersion "1"]
[SourceVersionDate "2018.05.26"]
[SourceQuality "1"]
[WhiteTeam "BA Tempelhof Berlin IV"]
[BlackTeam "Sparkassen-Vers. Stuttgart II"]
[WhiteTeamCountry "GER"]
[BlackTeamCountry "GER"]

1. Nf3 f5 2. b3 Nf6 3. Bb2 e6 4. e3 Be7 5. Nc3 b6 6. d4 Bb7 7. h3 Nc6 8. Be2
Rc8 9. O-O O-O 10. d5 exd5 11. Nxd5 Nxd5 12. Bc4 Ncb4 13. a3 Kh8 14. axb4 Nxb4
15. c3 Bxf3 16. Qxf3 Nc6 17. Ba6 Rb8 18. Rfd1 Ne5 19. Qd5 d6 20. f4 Nd7 21. b4
Bf6 22. Bd3 a5 23. Rab1 Qe7 24. Re1 Rbe8 25. Kf2 g6 26. Bb5 $11 Qg7 27. Bxd7
Qxd7 28. Rec1 Qe7 29. Qd3 Qe4 30. Rd1 Re7 31. Rd2 Rfe8 32. Re1 Qxd3 33. Rxd3
axb4 34. Rb1 bxc3 35. Bxc3 Bxc3 36. Rxc3 Ra8 37. Kf3 Kg7 38. g4 Ra5 39. Rbc1
fxg4+ 40. hxg4 Rc5 41. Rxc5 bxc5 42. Rc4 Kf6 43. e4 Ke6 44. Ra4 Rf7 45. Ra6 g5
46. f5+ Ke5 47. Ke3 Rf6 48. Rc6 Rh6 49. Rxc7 Rh3+ 50. Kf2 Kxe4 51. Re7+ Kf4 52.
f6 Kxg4 53. f7 Rf3+ 54. Kg2 Rf6 55. Re4+ Kf5 56. Re1 Rxf7 0-1

[Event "XVII. DBMM Schach"]
[Site "Berlin"]
[Date "2017.11.05"]
[Round "7.3"]
[White "Wirth, Volker"]
[Black "Kalkowski, Thomas"]
[Result "1/2-1/2"]
[WhiteElo "1738"]
[BlackElo "1459"]
[Annotator "br"]
[PlyCount "48"]
[EventDate "2017.??.??"]
[EventType "team-swiss"]
[EventRounds "7"]
[EventCountry "GER"]
[SourceTitle "XVII. DBMM 2017"]
[Source "FV Schach e.V."]
[SourceDate "2018.05.26"]
[SourceVersion "1"]
[SourceVersionDate "2018.05.26"]
[SourceQuality "1"]
[WhiteTeam "Sparkassen-Vers. Stuttgart II"]
[BlackTeam "BA Tempelhof Berlin IV"]
[WhiteTeamCountry "GER"]
[BlackTeamCountry "GER"]

1. d4 d5 2. c4 c6 3. cxd5 cxd5 4. Nc3 Nf6 5. e3 a6 6. a3 g6 7. Nf3 Bg7 8. h3
O-O 9. Bd3 Nc6 10. b4 b5 11. Bb2 Bb7 12. Rc1 Re8 13. O-O Nd7 14. Nxd5 e5 15.
dxe5 Ndxe5 16. Bxe5 Nxe5 17. Nxe5 Bxe5 18. Nf4 Qg5 19. Qg4 Qxg4 20. hxg4 Rad8
21. Rfd1 Rd6 22. Rc7 Bc8 23. Rdc1 Bxg4 24. Be2 Bf5 1/2-1/2

[Event "XVII. DBMM Schach"]
[Site "Berlin"]
[Date "2017.11.05"]
[Round "7.4"]
[White "Mahler, Sonja"]
[Black "Brethauer, Tim"]
[Result "1-0"]
[WhiteElo "1558"]
[BlackElo "1641"]
[Annotator "br"]
[PlyCount "29"]
[EventDate "2017.??.??"]
[EventType "team-swiss"]
[EventRounds "7"]
[EventCountry "GER"]
[SourceTitle "XVII. DBMM 2017"]
[Source "FV Schach e.V."]
[SourceDate "2018.05.26"]
[SourceVersion "1"]
[SourceVersionDate "2018.05.26"]
[SourceQuality "1"]
[WhiteTeam "BA Tempelhof Berlin IV"]
[BlackTeam "Sparkassen-Vers. Stuttgart II"]
[WhiteTeamCountry "GER"]
[BlackTeamCountry "GER"]

1. d4 e6 2. Bf4 d5 3. a3 Nf6 4. e3 c5 5. c3 Nc6 6. Bd3 Be7 7. Nd2 O-O 8. Bb1
Qb6 9. Qc2 g6 10. h4 h5 11. Ngf3 cxd4 12. exd4 Na5 13. Bh6 Rd8 14. Ng5 Nc4 15.
Nxf7 1-0